[Event "LSS SF-2010-0-00075"]
[Site "LSS email"]
[Date "2010.10.23"]
[Round "?"]
[White "Baznik Wilson, Anthony J"]
[Black "Moreno Roman, Alejandro"]
[Result "0-1"]
[WhiteElo "1108"]
[BlackElo "1234"]
[PlyCount "38"]
[EventDate "2010.09.20"]
[EventType "tourn (corr)"]
[EventRounds "6"]
[EventCountry "GER"]
[SourceTitle "Telechess CBM 149"]
[Source "ChessBase"]
[SourceDate "2012.07.17"]
[SourceVersion "1"]
[SourceVersionDate "2012.07.17"]
[SourceQuality "1"]
[WhiteTeam "US of America"]
[WhiteTeamCountry "USA"]

1. e4 c6 2. Nf3 d5 3. e5 Bg4 4. Be2 e6 5. 0-0 c5 6. c4 Ne7 7. cxd5 Nxd5 8. Qa4+ Nc6 9. Qxg4 Qc7 10. Nc3 0-0-0 11. Qe4 a6 12. b3 Nde7 13. Bb2 h6 14. Na4 Nf5 15. Rfc1 Ncd4 16. b4 Nxe2+ 17. Qxe2 Kb8 18. bxc5 Qa5 19. Qe4 Ne7 0-1

[Event "LSS SF-2010-0-00075"]
[Site "LSS email"]
[Date "2010.10.18"]
[Round "?"]
[White "Khramkov, Alexey Gennadievic"]
[Black "Baznik Wilson, Anthony J"]
[Result "1-0"]
[WhiteElo "1132"]
[BlackElo "1108"]
[PlyCount "43"]
[EventDate "2010.09.20"]
[EventType "tourn (corr)"]
[EventRounds "6"]
[EventCountry "GER"]
[SourceTitle "Telechess CBM 149"]
[Source "ChessBase"]
[SourceDate "2012.07.17"]
[SourceVersion "1"]
[SourceVersionDate "2012.07.17"]
[SourceQuality "1"]
[BlackTeam "US of America"]
[BlackTeamCountry "USA"]

1. c4 e5 2. b3 Nf6 3. Nc3 Nc6 4. Nf3 Bc5 5. e3 0-0 6. Bb2 d6 7. Bd3 Re8 8. e4 Nh5 9. Nd5 Nb4 10. Bb1 Nxd5 11. cxd5 Nf6 12. 0-0 Bd7 13. a4 c6 14. dxc6 bxc6 15. Bc3 Rb8 16. Re1 Bg4 17. Bc2 Nh5 18. h3 Bxf3 19. Qxf3 Qh4 20. Rad1 Re6 21. d4 Rf6 22. Qe3 1-0

[Event "CP-2010-P-00031"]
[Site "LSS email"]
[Date "2010.09.28"]
[Round "?"]
[White "Baznik Wilson, Anthony J"]
[Black "Iacobitz, Lucian Valentin"]
[Result "0-1"]
[WhiteElo "1009"]
[BlackElo "1962"]
[PlyCount "40"]
[EventDate "2010.10.01"]
[EventType "tourn (corr)"]
[EventRounds "6"]
[EventCountry "GER"]
[SourceTitle "Telechess CBM 143"]
[Source "ChessBase"]
[SourceDate "2011.07.15"]
[SourceVersion "1"]
[SourceVersionDate "2011.07.15"]
[SourceQuality "1"]

1. e4 e5 2. f4 exf4 3. Nf3 d5 4. exd5 Nf6 5. Bb5+ c6 6. dxc6 Nxc6 7. d4 Bd6 8. Qe2+ Be6 9. Ng5 0-0 10. Nxe6 fxe6 11. Bxc6 bxc6 12. 0-0 Qc7 13. Qxe6+ Kh8 14. Nd2 Rae8 15. Qc4 g5 16. Nf3 Ne4 17. h3 Qg7 18. Qxc6 g4 19. Ne5 Rxe5 20. Bxf4 Re6 0-1

[Event "CP-2010-P-00031"]
[Site "LSS email"]
[Date "2010.09.28"]
[Round "?"]
[White "Baznik Wilson, Anthony J"]
[Black "Warnecke, Detlef"]
[Result "1-0"]
[WhiteElo "1038"]
[BlackElo "1054"]
[PlyCount "27"]
[EventDate "2010.10.01"]
[EventType "tourn (corr)"]
[EventRounds "6"]
[EventCountry "GER"]
[SourceTitle "Corr 2015"]
[Source "ChessBase"]
[SourceDate "2015.07.17"]
[SourceVersion "1"]
[SourceVersionDate "2015.07.17"]
[SourceQuality "1"]

1. e4 e5 2. f4 exf4 3. Nf3 g5 4. h4 f6 5. hxg5 fxg5 6. Nc3 Bg7 7. d4 d6 8. Bb5+ Bd7 9. Bxd7+ Nxd7 10. Qd3 h6 11. Bd2 Qe7 12. 0-0-0 0-0-0 13. Nd5 Qe6 14. Qc4 1-0

[Event "LSS RN-2010-0-00317"]
[Site "LSS email"]
[Date "2010.09.20"]
[Round "?"]
[White "Baznik Wilson, Anthony J"]
[Black "Venturas, Bob"]
[Result "1-0"]
[WhiteElo "921"]
[BlackElo "522"]
[PlyCount "39"]
[EventDate "2010.09.01"]
[EventType "tourn (corr)"]
[EventRounds "6"]
[EventCountry "GER"]
[SourceTitle "Telechess CBM 143"]
[Source "ChessBase"]
[SourceDate "2011.07.15"]
[SourceVersion "1"]
[SourceVersionDate "2011.07.15"]
[SourceQuality "1"]

1. d4 d5 2. Nc3 h6 3. e4 e6 4. Nf3 Nc6 5. Bd3 Nge7 6. 0-0 Ng6 7. exd5 exd5 8. Bxg6 fxg6 9. Qd3 Bf5 10. Qb5 Qc8 11. Re1+ Be7 12. Nxd5 0-0 13. Nxe7+ Nxe7 14. Rxe7 Rf7 15. Qb3 Qf8 16. Rxc7 b6 17. Ne5 Bxc2 18. Rxc2 Re8 19. Bd2 Kh7 20. Nxf7 1-0

[Event "LSS RN-2010-0-00317"]
[Site "LSS email"]
[Date "2010.09.20"]
[Round "?"]
[White "Brough, Carl"]
[Black "Baznik Wilson, Anthony J"]
[Result "0-1"]
[WhiteElo "644"]
[BlackElo "975"]
[PlyCount "46"]
[EventDate "2010.09.01"]
[EventType "tourn (corr)"]
[EventRounds "6"]
[EventCountry "GER"]
[SourceTitle "Telechess CBM 143"]
[Source "ChessBase"]
[SourceDate "2011.07.15"]
[SourceVersion "1"]
[SourceVersionDate "2011.07.15"]
[SourceQuality "1"]

1. d4 d5 2. c4 dxc4 3. Nf3 Nf6 4. Nc3 a6 5. h3 b5 6. e4 e6 7. e5 Nd5 8. Be2 Be7 9. Qc2 Nc6 10. Bd2 Bb7 11. Ne4 Ndb4 12. Qc1 Nxd4 13. Nc3 Nxe2 14. Nxe2 Nd3+ 15. Kf1 Nxc1 16. Rxc1 Bxf3 17. gxf3 Qxd2 18. Re1 Qxb2 19. Kg2 Bb4 20. Rb1 Qxe2 21. Rxb4 h5 22. h4 Rh6 23. Rbb1 Rg6+ 0-1

[Event "SN-2010-0-00275"]
[Site "LSS email"]
[Date "2010.09.19"]
[Round "?"]
[White "Jablonski, Czeslaw"]
[Black "Baznik Wilson, Anthony J"]
[Result "1-0"]
[WhiteElo "800"]
[BlackElo "995"]
[PlyCount "69"]
[EventDate "2010.09.02"]
[EventType "tourn (corr)"]
[EventRounds "6"]
[EventCountry "GER"]
[SourceTitle "Telechess CBM 143"]
[Source "ChessBase"]
[SourceDate "2011.07.15"]
[SourceVersion "1"]
[SourceVersionDate "2011.07.15"]
[SourceQuality "1"]

1. e4 e5 2. Nf3 Nc6 3. Bc4 Nf6 4. Ng5 d5 5. exd5 Nxd5 6. Nxf7 Kxf7 7. Qf3+ Ke6 8. Nc3 Ncb4 9. Bb3 Bc5 10. 0-0 Rf8 11. Qg4+ Kf7 12. Bxd5+ Nxd5 13. Qc4 Bd4 14. Nxd5 Be6 15. Qxc7+ Kg6 16. Qxd8 Raxd8 17. Ne3 e4 18. Re1 Rf7 19. c3 Bc5 20. b4 Bb6 21. b5 Bc5 22. a4 a5 23. bxa6 bxa6 24. a5 h5 25. Ra4 Bd5 26. Rf1 Bb7 27. h4 Rc7 28. Ra2 Be7 29. g3 Rd3 30. Ba3 Bxa3 31. Rxa3 Rxd2 32. Rb1 Kh7 33. Ra4 Rf7 34. Rc4 Bc6 35. Rxc6 1-0

[Event "LSS RN-2010-0-00314"]
[Site "LSS email"]
[Date "2010.09.07"]
[Round "?"]
[White "Goepfert, Christian"]
[Black "Baznik Wilson, Anthony J"]
[Result "0-1"]
[WhiteElo "571"]
[BlackElo "1087"]
[PlyCount "20"]
[EventDate "2010.08.21"]
[EventType "tourn (corr)"]
[EventRounds "6"]
[EventCountry "GER"]
[SourceTitle "Corr 2015"]
[Source "ChessBase"]
[SourceDate "2015.07.17"]
[SourceVersion "1"]
[SourceVersionDate "2015.07.17"]
[SourceQuality "1"]

1. e4 e5 2. Nf3 Nf6 3. Nxe5 d6 4. Nf3 Nxe4 5. Nc3 Nxc3 6. dxc3 Be7 7. Bg5 Bxg5 8. Nxg5 Qxg5 9. Qe2+ Kd8 10. Qe3 Re8 0-1

[Event "LSS RN-2010-0-00314"]
[Site "LSS email"]
[Date "2010.09.06"]
[Round "?"]
[White "Baznik Wilson, Anthony J"]
[Black "Losev, Vyacheslav"]
[Result "1-0"]
[WhiteElo "1087"]
[BlackElo "725"]
[PlyCount "29"]
[EventDate "2010.08.21"]
[EventType "tourn (corr)"]
[EventRounds "6"]
[EventCountry "GER"]
[SourceTitle "Corr 2015"]
[Source "ChessBase"]
[SourceDate "2015.07.17"]
[SourceVersion "1"]
[SourceVersionDate "2015.07.17"]
[SourceQuality "1"]

1. e4 e5 2. Nf3 Nc6 3. Bb5 a6 4. Bxc6 bxc6 5. 0-0 Bd6 6. d4 exd4 7. Qxd4 Nf6 8. e5 c5 9. Qh4 Be7 10. exf6 Bxf6 11. Bg5 Bxg5 12. Nxg5 h6 13. Re1+ Kf8 14. Nh7+ Rxh7 15. Qxd8# 1-0

[Event "LSS RN-2010-0-00314"]
[Site "LSS email"]
[Date "2010.09.06"]
[Round "?"]
[White "Cook, Paul"]
[Black "Baznik Wilson, Anthony J"]
[Result "0-1"]
[WhiteElo "908"]
[BlackElo "1087"]
[PlyCount "26"]
[EventDate "2010.08.21"]
[EventType "tourn (corr)"]
[EventRounds "6"]
[EventCountry "GER"]
[SourceTitle "Corr 2013"]
[Source "ChessBase"]
[SourceDate "2012.11.12"]
[SourceVersion "1"]
[SourceVersionDate "2012.11.12"]
[SourceQuality "1"]

1. e4 c5 2. Nf3 Nc6 3. Nc3 Nf6 4. d4 cxd4 5. Nxd4 e5 6. Nf3 Bb4 7. Bd2 Bxc3 8. Bxc3 Nxe4 9. Qe2 d5 10. 0-0-0 Nxc3 11. bxc3 e4 12. Nd4 0-0 13. Qf3 exf3 0-1

[Event "LSS RN-2010-0-00314"]
[Site "LSS email"]
[Date "2010.09.06"]
[Round "?"]
[White "Venturas, Bob"]
[Black "Baznik Wilson, Anthony J"]
[Result "0-1"]
[WhiteElo "572"]
[BlackElo "857"]
[PlyCount "38"]
[EventDate "2010.08.21"]
[EventType "tourn (corr)"]
[EventRounds "6"]
[EventCountry "GER"]
[SourceTitle "Telechess CBM 143"]
[Source "ChessBase"]
[SourceDate "2011.07.15"]
[SourceVersion "1"]
[SourceVersionDate "2011.07.15"]
[SourceQuality "1"]

1. e4 Nc6 2. d4 d5 3. e5 e6 4. a3 Nge7 5. h3 Nf5 6. Be3 Qh4 7. Nf3 Nxe3 8. Qe2 Nxd4 9. Nxd4 Qxd4 10. Qxe3 Qxb2 11. Qc3 Qc1+ 12. Ke2 d4 13. Qd3 Qb2 14. Kd2 Qxa1 15. Be2 Bd7 16. Qb3 Be7 17. Bf3 a5 18. g3 Ra6 19. Qd3 Rb6 0-1

[Event "LSS RN-2010-0-00312"]
[Site "LSS email"]
[Date "2010.08.27"]
[Round "?"]
[White "Verich, Oleg"]
[Black "Baznik Wilson, Anthony J"]
[Result "0-1"]
[WhiteElo "961"]
[BlackElo "898"]
[PlyCount "60"]
[EventDate "2010.08.12"]
[EventType "tourn (corr)"]
[EventRounds "6"]
[EventCountry "GER"]
[SourceTitle "Telechess CBM 143"]
[Source "ChessBase"]
[SourceDate "2011.07.15"]
[SourceVersion "1"]
[SourceVersionDate "2011.07.15"]
[SourceQuality "1"]

1. d4 d5 2. c4 e6 3. Nc3 Nc6 4. Nf3 Nf6 5. Bg5 Bb4 6. e3 0-0 7. Be2 h6 8. Bh4 g5 9. Bg3 Ne4 10. Qc2 h5 11. h4 Nxg3 12. fxg3 g4 13. Nd2 Qd6 14. Kf2 Rd8 15. c5 Qe7 16. a3 Bxc3 17. Qxc3 e5 18. Rae1 Qf6+ 19. Kg1 exd4 20. exd4 Qxd4+ 21. Qxd4 Nxd4 22. Bd3 Bf5 23. Re3 Re8 24. Kf2 Bxd3 25. Rxd3 Re2+ 26. Kf1 Rae8 27. Kg1 Nf5 28. Kh2 R8e3 29. Rxd5 Rxg3 30. Kg1 Rgxg2+ 0-1

[Event "SN-2010-0-00269"]
[Site "LSS email"]
[Date "2010.08.20"]
[Round "?"]
[White "Baznik Wilson, Anthony J"]
[Black "Venturas, Bob"]
[Result "1-0"]
[WhiteElo "1038"]
[BlackElo "648"]
[PlyCount "27"]
[EventDate "2010.08.05"]
[EventType "tourn (corr)"]
[EventRounds "6"]
[EventCountry "GER"]
[SourceTitle "Corr 2015"]
[Source "ChessBase"]
[SourceDate "2015.07.17"]
[SourceVersion "1"]
[SourceVersionDate "2015.07.17"]
[SourceQuality "1"]

1. e4 e5 2. d4 exd4 3. Nf3 Nc6 4. Nxd4 Qe7 5. Nc3 Nf6 6. Bf4 Nxe4 7. Nd5 Qd8 8. Nxc7+ Ke7 9. Nxa8 Ke8 10. Nc7+ Ke7 11. f3 f6 12. Nf5+ Kf7 13. Qd5+ Kg6 14. Nh4# 1-0

[Event "SN-2010-0-00269"]
[Site "LSS email"]
[Date "2010.08.20"]
[Round "?"]
[White "Vontina, Maria"]
[Black "Baznik Wilson, Anthony J"]
[Result "0-1"]
[WhiteElo "671"]
[BlackElo "830"]
[PlyCount "64"]
[EventDate "2010.08.05"]
[EventType "tourn (corr)"]
[EventRounds "6"]
[EventCountry "GER"]
[SourceTitle "Telechess CBM 143"]
[Source "ChessBase"]
[SourceDate "2011.07.15"]
[SourceVersion "1"]
[SourceVersionDate "2011.07.15"]
[SourceQuality "1"]

1. e4 d5 2. exd5 Nf6 3. Nc3 Nxd5 4. Nf3 Nc6 5. Bb5 Nxc3 6. dxc3 Qxd1+ 7. Kxd1 Bd7 8. h3 e5 9. Re1 0-0-0 10. Ke2 f6 11. Be3 a6 12. Ba4 Bd6 13. Rad1 Kb8 14. Kf1 Bf5 15. Nh4 Be6 16. Nf3 Na5 17. Nd2 b5 18. Bb3 Bf5 19. Rc1 Nxb3 20. cxb3 Rd7 21. a3 Bc5 22. Nf3 Be7 23. Red1 Bd3+ 24. Ke1 Rhd8 25. Nd2 h6 26. f3 f5 27. Kf2 f4 28. Ne4 Bxe4 29. Rxd7 Rxd7 30. fxe4 fxe3+ 31. Kxe3 Bg5+ 32. Ke2 Bxc1 0-1

[Event "SN-2010-0-00263"]
[Site "LSS email"]
[Date "2010.07.29"]
[Round "?"]
[White "Baznik Wilson, Anthony J"]
[Black "Goepfert, Christian"]
[Result "1-0"]
[WhiteElo "898"]
[BlackElo "765"]
[PlyCount "35"]
[EventDate "2010.07.11"]
[EventType "tourn (corr)"]
[EventRounds "6"]
[EventCountry "GER"]
[SourceTitle "Telechess CBM 143"]
[Source "ChessBase"]
[SourceDate "2011.07.15"]
[SourceVersion "1"]
[SourceVersionDate "2011.07.15"]
[SourceQuality "1"]

1. d4 Nf6 2. Nc3 d5 3. Bg5 Nc6 4. e3 h6 5. Bh4 g5 6. Bg3 Bg4 7. Nf3 e6 8. h3 Bh5 9. Bd3 g4 10. hxg4 Bxg4 11. Qd2 Bb4 12. Ne5 Rg8 13. Bh4 Qd6 14. Bxf6 h5 15. a3 Ba5 16. b4 Bb6 17. Bh7 Rf8 18. Nb5 1-0

[Event "SN-2010-0-00261"]
[Site "LSS email"]
[Date "2010.07.19"]
[Round "?"]
[White "Baznik Wilson, Anthony J"]
[Black "Venturas, Bob"]
[Result "1-0"]
[WhiteElo "1087"]
[BlackElo "589"]
[PlyCount "23"]
[EventDate "2010.07.03"]
[EventType "tourn (corr)"]
[EventRounds "6"]
[EventCountry "GER"]
[SourceTitle "Corr 2015"]
[Source "ChessBase"]
[SourceDate "2015.07.17"]
[SourceVersion "1"]
[SourceVersionDate "2015.07.17"]
[SourceQuality "1"]

1. e4 e5 2. Nf3 Nc6 3. Bc4 h6 4. 0-0 Nf6 5. d3 d5 6. exd5 Nxd5 7. Re1 Qd6 8. Nxe5 Be7 9. Nxf7 Kxf7 10. Nc3 Be6 11. Rxe6 Qxe6 12. Bxd5 1-0

[Event "SN-2010-0-00261"]
[Site "LSS email"]
[Date "2010.07.18"]
[Round "?"]
[White "Zeidan, Mohammad"]
[Black "Baznik Wilson, Anthony J"]
[Result "1-0"]
[WhiteElo "1263"]
[BlackElo "1087"]
[PlyCount "23"]
[EventDate "2010.07.03"]
[EventType "tourn (corr)"]
[EventRounds "6"]
[EventCountry "GER"]
[SourceTitle "Corr 2013"]
[Source "ChessBase"]
[SourceDate "2012.11.12"]
[SourceVersion "1"]
[SourceVersionDate "2012.11.12"]
[SourceQuality "1"]
[WhiteTeam "US of America"]
[BlackTeam "US of America"]
[WhiteTeamCountry "USA"]
[BlackTeamCountry "USA"]

1. e4 d5 2. exd5 Qxd5 3. Nc3 Qe6+ 4. Be2 Qg6 5. Nf3 Qxg2 6. Rg1 Qh3 7. d4 f6 8. Bf4 c6 9. d5 Bg4 10. Qd2 Bxf3 11. Rg3 Qh5 12. Bxf3 1-0

[Event "ZN-2010-0-01095"]
[Site "LSS email"]
[Date "2010.07.10"]
[Round "?"]
[White "Baznik Wilson, Anthony J"]
[Black "Fernandez, German"]
[Result "1-0"]
[WhiteElo "844"]
[BlackElo "874"]
[PlyCount "73"]
[EventDate "2010.07.08"]
[EventType "match (corr)"]
[EventRounds "2"]
[EventCountry "GER"]
[SourceTitle "Telechess CBM 143"]
[Source "ChessBase"]
[SourceDate "2011.07.15"]
[SourceVersion "1"]
[SourceVersionDate "2011.07.15"]
[SourceQuality "1"]

1. e4 c5 2. Nf3 d6 3. Bb5+ Bd7 4. Bxd7+ Qxd7 5. 0-0 Nc6 6. d4 cxd4 7. Nxd4 Nf6 8. Nc3 e5 9. Ndb5 a6 10. Na3 Be7 11. Nc4 0-0 12. Nb6 Qg4 13. Qxg4 Nxg4 14. Nxa8 Rxa8 15. Nd5 Bd8 16. c3 Ne7 17. Nxe7+ Bxe7 18. f3 Nf6 19. Rd1 Rd8 20. Bg5 h6 21. Bxf6 Bxf6 22. a4 Kf8 23. Rd5 Ke7 24. Rad1 Ke6 25. c4 Be7 26. c5 f6 27. g3 Rc8 28. cxd6 Bd8 29. d7 Rc6 30. b3 Rc3 31. R5d3 Rc6 32. Kg2 g5 33. h4 gxh4 34. gxh4 f5 35. exf5+ Kxf5 36. Rd6 Rc7 37. Rxh6 1-0

[Event "SN-2010-0-00258"]
[Site "LSS email"]
[Date "2010.07.08"]
[Round "?"]
[White "Venturas, Bob"]
[Black "Baznik Wilson, Anthony J"]
[Result "0-1"]
[WhiteElo "589"]
[BlackElo "1087"]
[PlyCount "20"]
[EventDate "2010.06.22"]
[EventType "tourn (corr)"]
[EventRounds "6"]
[EventCountry "GER"]
[SourceTitle "Corr 2015"]
[Source "ChessBase"]
[SourceDate "2015.07.17"]
[SourceVersion "1"]
[SourceVersionDate "2015.07.17"]
[SourceQuality "1"]

1. e4 d5 2. e5 Nc6 3. d4 e6 4. a3 f6 5. Nf3 fxe5 6. Bb5 exd4 7. Qxd4 Nf6 8. Bg5 Bd6 9. 0-0 0-0 10. Nc3 Nxd4 0-1

[Event "IECC CL8-2009.05 email"]
[Site "IECC email"]
[Date "2009.09.07"]
[Round "?"]
[White "Baznik Wilson, Anthony J"]
[Black "Davidson, Allan D"]
[Result "1-0"]
[WhiteElo "2398"]
[BlackElo "904"]
[PlyCount "61"]
[EventDate "2009.??.??"]
[EventType "tourn (corr)"]
[EventRounds "4"]
[SourceTitle "Telechess CBM 137"]
[Source "ChessBase"]
[SourceDate "2010.07.15"]
[SourceVersion "1"]
[SourceVersionDate "2010.07.15"]
[SourceQuality "1"]
[WhiteTeam "US of America"]
[BlackTeam "US of America"]
[WhiteTeamCountry "USA"]
[BlackTeamCountry "USA"]

1. d4 d5 2. e3 Nf6 3. Nf3 Nc6 4. Nc3 e6 5. Bd3 Bb4 6. Bd2 Ne4 7. Nxe4 Bxd2+ 8. Nexd2 0-0 9. c3 Re8 10. Qc2 g6 11. 0-0 a6 12. e4 dxe4 13. Bxe4 Ne7 14. Rfe1 f5 15. Bd3 Nc6 16. Ne5 Nxe5 17. Rxe5 b6 18. Rae1 Bb7 19. Bc4 Bc8 20. d5 Bd7 21. dxe6 Bc6 22. e7+ Kg7 23. exd8Q Raxd8 24. Rxe8 Bxe8 25. Nf1 Bb5 26. Re7+ Kh6 27. Qc1+ g5 28. Re6+ Kh5 29. Ng3+ Kg4 30. Rh6 Bxc4 31. f3# 1-0

[Event "IECC CL8-2009.05 email"]
[Site "IECC email"]
[Date "2009.09.07"]
[Round "?"]
[White "Baznik Wilson, Anthony J"]
[Black "Smeulders, Thomas"]
[Result "1-0"]
[WhiteElo "2398"]
[BlackElo "825"]
[PlyCount "57"]
[EventDate "2009.??.??"]
[EventType "tourn (corr)"]
[EventRounds "4"]
[SourceTitle "Telechess CBM 137"]
[Source "ChessBase"]
[SourceDate "2010.07.15"]
[SourceVersion "1"]
[SourceVersionDate "2010.07.15"]
[SourceQuality "1"]
[WhiteTeam "US of America"]
[BlackTeam "Belgium"]
[WhiteTeamCountry "USA"]
[BlackTeamCountry "BEL"]

1. e4 e5 2. Nf3 Nf6 3. Nc3 Nc6 4. Bb5 Bc5 5. 0-0 Qe7 6. d3 a6 7. Bc4 b5 8. Nd5 Qd8 9. Bb3 d6 10. Bg5 a5 11. a4 b4 12. Qd2 h6 13. Nxf6+ gxf6 14. Bxh6 Ne7 15. Bg7 Rg8 16. Qh6 Nc6 17. Bxf6 Qxf6 18. Qxf6 Rf8 19. Ng5 Nd8 20. Nh7 Ra6 21. Nxf8 Ra8 22. Bxf7+ Kxf8 23. Bh5+ Kg8 24. Qxd8+ Kh7 25. Qe7+ Kh6 26. Qf6+ Kh7 27. Bg6+ Kh6 28. Bf5+ Kh5 29. g4# 1-0

[Event "IECC CL8-2009.05 email"]
[Site "IECC email"]
[Date "2009.09.07"]
[Round "?"]
[White "Komine, Koki"]
[Black "Baznik Wilson, Anthony J"]
[Result "1-0"]
[WhiteElo "1070"]
[BlackElo "2398"]
[PlyCount "99"]
[EventDate "2009.??.??"]
[EventType "tourn (corr)"]
[EventRounds "4"]
[SourceTitle "Telechess CBM 137"]
[Source "ChessBase"]
[SourceDate "2010.07.15"]
[SourceVersion "1"]
[SourceVersionDate "2010.07.15"]
[SourceQuality "1"]
[WhiteTeam "Japan"]
[BlackTeam "US of America"]
[WhiteTeamCountry "JPN"]
[BlackTeamCountry "USA"]

1. e4 d5 2. exd5 Qxd5 3. Nc3 Qe6+ 4. Be2 Qg6 5. Bf3 c6 6. d3 e5 7. Be3 Nf6 8. Ne4 Na6 9. Qd2 Nxe4 10. dxe4 Bb4 11. c3 Ba5 12. Ne2 0-0 13. 0-0 Rd8 14. Qc2 Bb6 15. Rfd1 Be6 16. Bxb6 axb6 17. b4 Qg5 18. a4 Rxd1+ 19. Rxd1 Bc4 20. Ng3 Rd8 21. Nf5 Nc7 22. Nd6 Ba6 23. Be2 Bxe2 24. Qxe2 Nd5 25. Nxb7 Nxc3 26. Rxd8+ Qxd8 27. Nxd8 Nxe2+ 28. Kf1 Nc3 29. a5 bxa5 30. bxa5 c5 31. Nb7 Nxe4 32. a6 Nd2+ 33. Ke2 Nc4 34. Nxc5 Nb6 35. a7 f6 36. Nd7 Na8 37. Ke3 Kf7 38. f4 exf4+ 39. Kxf4 Ke6 40. Nf8+ Kf7 41. Nxh7 Nc7 42. Nxf6 Kxf6 43. Ke4 Kg5 44. Kd3 Kf5 45. Kc4 Ke6 46. Kc5 Kd7 47. Kb6 Kc8 48. h4 Kd7 49. g4 Kd6 50. h5 1-0

[Event "IECG OP.2006.0.00123"]
[Site "IECG email"]
[Date "2006.08.22"]
[Round "?"]
[White "Baznik Wilson, Anthony J"]
[Black "Trevis, Robert R"]
[Result "0-1"]
[WhiteElo "542"]
[BlackElo "1319"]
[PlyCount "32"]
[EventDate "2006.08.22"]
[EventType "tourn (corr)"]
[EventRounds "6"]
[SourceTitle "Corr 2008"]
[Source "ChessBase"]
[SourceDate "2008.06.24"]
[SourceVersion "1"]
[SourceVersionDate "2008.06.24"]
[SourceQuality "1"]

1. d4 d5 2. Nf3 Nf6 3. Bg5 h6 4. Bh4 g5 5. Bxg5 hxg5 6. Nc3 g4 7. Ng5 Bh6 8. Qd2 Rg8 9. 0-0-0 Bxg5 10. e3 Rh8 11. Nb5 c6 12. f4 gxf3 13. gxf3 cxb5 14. Rg1 Bh6 15. Bxb5+ Bd7 16. Qd3 Bxe3+ 0-1

[Event "LSS OP-2006-0-00123"]
[Site "LSS email"]
[Date "2006.08.22"]
[Round "?"]
[White "Hanson, Andrew"]
[Black "Baznik Wilson, Anthony J"]
[Result "1-0"]
[WhiteElo "1469"]
[BlackElo "1087"]
[PlyCount "23"]
[EventDate "2006.08.22"]
[EventType "tourn (corr)"]
[EventRounds "4"]
[EventCountry "GER"]
[SourceTitle "Corr 2015"]
[Source "ChessBase"]
[SourceDate "2015.07.17"]
[SourceVersion "1"]
[SourceVersionDate "2015.07.17"]
[SourceQuality "1"]

1. e4 e6 2. d4 d5 3. Nc3 Bb4 4. e5 Bxc3+ 5. bxc3 Ne7 6. Qg4 g6 7. Bg5 Nbc6 8. Bf6 Rg8 9. Nf3 a5 10. Qf4 Rb8 11. Qh6 g5 12. Nxg5 1-0